000 00684cab a22001935a 4500
001 L153178
008 110620e20110611xxk 000 0 eng d
035 _a(Sirsi) u153178
041 0 _aeng
100 1 _aFarrall, Sally
245 0 0 _aOnly the best will do
260 _c2011
490 _aEstates Gazette
_v(1123) 11 June 2011, 79(1)
520 _aConsiders how councils can learn from the decision in Multi-Link Leisure Developments Ltd v North Lanarkshire Council in how they can achieve their duty to obtain best value when disposing of land.
590 _aKA
651 4 _aEngland and Wales
_y1543-
690 _aPROPERTY-ACQUISITION AND DISPOSAL OF PROPERTY
942 _n0
999 _c83219
_d83219